00822nam a22002177a 450000500170000001000140001702000270003102000240005803500130008203700130009508200120010810000280012024500820014826000460023027000690027630000270034550000500037294200260042299900170044895201390046520100812114028.0 aENG-99860 a9789380009025c1195.00 a938000902Xc1195.00 aEN-83392 bDBAD/PUB a294.422 aTater, Sohan Raj911728 aThe jaina doctrine of karma and the science of genetics /cby Sohan Raj Tater aNew DelhibReadworthy Publications c2009 bNew DelhaA-18, Mohan Garden Near Nawada Metro Statione11005906 axxxv, 384p.c22cm (Hb) aIncludes bibliographical references and index 2ddccENh294.422mTAT c41290d41290 001040718NFICaDBADbDBADd2010-08-12eDBAD/PUBg1195.00l0o294.422 TATpEN-83392r2010-08-12 00:00:00t1v1195.00w2010-08-12yEN